| 000 | 01024naa a22002777a 4500 | ||
|---|---|---|---|
| 001 | BR7704832 | ||
| 003 | BR-BrBNA | ||
| 005 | 20240918174033.0 | ||
| 007 | ta | ||
| 008 | 230509b bl.||||| |||| 00| 0 por d | ||
| 040 |
_aBR-BrBNA _bpor _cBiblioteca Nacional de Agricultura |
||
| 041 | _a(Pt) | ||
| 072 |
_aF27 _b2120 |
||
| 090 | _aF27 BR7704832 | ||
| 100 | 1 | _aChaves, J.C.D. | |
| 111 | 1 |
_a5. Congresso Brasileiro de Pesquisas Cafeeiras _cGuarapari, ES (Brazil) _d18 Oct 1977 |
|
| 245 | 1 | _aCulturas intercalares na formacao de lavouras cafeeiras | |
| 260 | 3 |
_aRio de Janeiro, RJ (Brasil): _c1977. |
|
| 500 | _aResumos do 5. Congresso Brasileiro de Pesquisas Cafeeiras Rio de Janeiro, RJ (Brasil): 1977. p. 54-57 (BR7704832-AM)F27 | ||
| 650 | _aCULTIVO DO SOLO | ||
| 650 | _aCAFE | ||
| 650 | _aCULTIVO INTERCALADO | ||
| 773 | 0 |
_tResumos do 5. Congresso Brasileiro de Pesquisas Cafeeiras _wF27 BR7704832 _gRio de Janeiro, RJ (Brasil), 1977. p. 54-57 |
|
| 909 |
_a202404 _bLucia _c55 _dLucia Elande |
||
| 942 |
_cAM _2AGRIS |
||
| 999 |
_c308506 _d308506 |
||